[Event "Titled Tuesday intern op 11th Jun Late"]
[Site "Chess.com INT"]
[Date "2024.06.11"]
[Round "7"]
[White "Mesquita, Eduardo Barbosa"]
[Black "Do Valle Cardoso, Lucas"]
[Result "0-1"]
[WhiteElo "1969"]
[BlackElo "2356"]
[PlyCount "132"]
[EventDate "2024.06.11"]
[EventType "swiss (blitz)"]
[EventRounds "11"]
[EventCountry "USA"]
[SourceTitle "EXT 2025"]
[Source "ChessBase"]
[SourceDate "2024.10.14"]
[SourceVersion "1"]
[SourceVersionDate "2024.10.14"]
[SourceQuality "1"]

1. Nf3 d5 2. d4 Nf6 3. c4 dxc4 4. Nc3 a6 5. a4 Nc6 6. e3 Na5 7. Ne5 Be6 8. g4 g6 9. g5 Nd5 10. e4 Nxc3 11. bxc3 Bg7 12. f4 c6 13. Qf3 0-0 14. Bh3 Bxh3 15. Qxh3 Qc8 16. Qxc8 Raxc8 17. Ba3 Rfe8 18. Rb1 b5 19. Ke2 Nb3 20. h4 f6 21. Nd7 Rc7 22. Nb6 Rb8 23. Bc5 Rcb7 24. Rxb3 cxb3 25. a5 f5 26. e5 e6 27. Rb1 Bf8 28. Bb4 c5 29. dxc5 Rc7 30. Rxb3 Rbb7 31. Rb2 Bxc5 32. Rd2 Bxb4 33. cxb4 Kf7 34. Rd8 Rc3 35. Nc8 Kg7 36. Nd6 Ra7 37. Ne8+ Kf7 38. Nf6 Rc2+ 39. Kd3 Rac7 40. Rh8 R2c3+ 41. Kd2 Rc2+ 42. Kd1 Rc1+ 43. Kd2 R7c2+ 44. Kd3 Ke7 45. Rxh7+ Kd8 46. Rh8+ Kc7 47. Ne8+ Kc6 48. Nd6 Rc3+ 49. Kd2 R1c2+ 50. Kd1 Rh2 51. Rc8+ Kd5 52. Rxc3 Rxh4 53. Rc7 Rxf4 54. Ra7 Rxb4 55. Rxa6 Kxe5 56. Nf7+ Kf4 57. Rxe6 Ra4 58. a6 b4 59. Ne5 Kxg5 60. Nc4 f4 61. Kc2 Kf5 62. Re8 g5 63. Kb3 Ra1 64. Ra8 f3 65. a7 Kg4 66. Rf8 Kg3 0-1